The Adventures of Tom Sawyer /
The Adventures of Tom Sawyer by Mark Twain is an 1876 novel about a young boy growing up along the Mississippi River. The story is set in the Town of "St. Petersburg", inspired by Hannibal, Missouri, where Twain lived. Tom Sawyer's best friends include Joe Harper and Huckleberry Finn....
Uloženo v:
| Hlavní autor: | |
|---|---|
| Médium: | E-kniha |
| Jazyk: | Czech |
| Vydáno: |
Praha :
Saga Egmont,
2020
|
| Tagy: |
Žádné tagy |
| LEADER | 01590nam a22002297i 4500 | ||
|---|---|---|---|
| 001 | 312041 | ||
| 007 | ta | ||
| 008 | 260601s2020 xr ||||| |||| 00| 0 cze d | ||
| 020 | |a 9990003825094 | ||
| 044 | |a xr | ||
| 100 | 1 | |a Twain, Mark |4 aut | |
| 245 | 1 | 0 | |a The Adventures of Tom Sawyer / |c Twain, Mark |
| 264 | 1 | |a Praha : |b Saga Egmont, |c 2020 | |
| 300 | |a 1 online zdroj (126 stran) | ||
| 336 | |a text |b txt |2 rdacontent | ||
| 337 | |a bez média |b n |2 rdamedia | ||
| 338 | |a online zdroj |b cr |2 rdacarrier | ||
| 520 | 2 | |a The Adventures of Tom Sawyer by Mark Twain is an 1876 novel about a young boy growing up along the Mississippi River. The story is set in the Town of "St. Petersburg", inspired by Hannibal, Missouri, where Twain lived. Tom Sawyer's best friends include Joe Harper and Huckleberry Finn. In The Adventures of Tom Sawyer, Tom's infatuation with classmate Rebecca "Becky" Thatcher is apparent. He lives with his half brother Sid, his cousin Mary, and his stern Aunt Polly in the (fictional) town of St. Petersburg, Missouri. In addition, he has another aunt, Sally Phelps, who lives considerably farther down the Mississippi River, in the town of Pikesville. Tom is the son of Aunt Polly's dead sister. | |
| 910 | |a RBIT002 | ||
| 998 | |d 382509 |a https://core.palmknihy.cz/api/books/382509/cover?s0mkkb |b https://core.palmknihy.cz/api/books/382509/cover/400?s0mkkb |c https://core.palmknihy.cz/api/books/382509/cover/50?s0mkkb |e |g 126 |i 9990003825094 |j https://core.palmknihy.cz/api/books/382509/preview.epub |l |q 49 |r 1 |s https://www.palmknihy.cz/kniha/382509 |t ebook |y 2020 |z 1 | ||
| 999 | |d 312039 | ||